000 00324nam a2200097Ia 4500
008 220120s9999||||xx |||||||||||||| ||und||
100 _aLalana Lokesh and others
_912625
245 0 _aBigdata processing with privacy preserving map reduce cloud
260 _aCoorg Institute of Technology
_bPonnampet
_c2016
650 _aMECHANICAL
999 _c138223
_d138223